000 00500nam a2200193 a 4500
001 1770285653334
003 YourLibrary
005 20260205153744.0
008 260205s2010##################000#0#eng##
020 _a9780071743495
082 0 4 _a332.6MAR
100 1 _aMartin, David,
_eauthor.
245 1 0 _aRisk and the Smart Investor :
260 _bMcgraw-hill,
_c2010.
300 _a288 pages
650 0 _aBusiness & Economics.
942 _cENGLISH
040 _aYourLibrary
_beng
_cYourLibrary
999 _c610517
_d610517